| 000 | 00660nam a2200181Ia 4500 | ||
|---|---|---|---|
| 005 | 20260429112242.0 | ||
| 008 | 260429s9999||||xx |||||||||||||| ||und|| | ||
| 020 | _a9789348229960 | ||
| 041 | _aHindi | ||
| 082 |
_a891.434 _bMIS |
||
| 100 | _aमिश्र, सत्य प्रकाश | ||
| 245 | 0 |
_aप्रसाद की सम्पूर्ण कहानियाँ एवं निबन्ध / _cसत्य प्रकाश मिश्र |
|
| 250 | _a1st rev. | ||
| 260 |
_aप्रयागराज : _bलोकभारती प्रकाशन, _c2024. |
||
| 300 | _a576 p.; Hb | ||
| 650 | _aHindi essays | ||
| 942 | _cTB | ||
| 999 |
_c53135 _d53135 |
||